Anglicko-slovenský, slovensko-anglický ekonomický slovník

Guardado en:
Detalles Bibliográficos
Autor principal: Bocková, Viera
Otros Autores: Bláhová, Mária, Hrivíková, Tatiana, 1959-, Laskovičová, Tatiana, Pašková, Hana, Zelenayová, Alojzia, 1944-
Formato: Libro
Lenguaje:inglés
eslovaco
Publicado: Bratislava Elita 1996
Edición:1. vyd.
Materias:
Etiquetas: Agregar Etiqueta
Sin Etiquetas, Sea el primero en etiquetar este registro!

MARC

LEADER 00000nam a2200000 4500
001 c015489
005 20221128072521.7
020 |a 80-8044-019-0 
041 0 |a eng 
041 0 |a slo 
044 |a SK 
245 1 0 |a Anglicko-slovenský, slovensko-anglický ekonomický slovník 
250 |a 1. vyd. 
264 1 |a Bratislava  |b Elita  |c 1996 
300 |a 233 s. 
610 2 0 |a jazykoveda 
610 2 0 |a angličtina 
610 2 0 |a slovenčina 
610 2 0 |a ekonómia 
610 2 0 |a terminológia 
100 1 |a Bocková, Viera 
700 1 |a Bláhová, Mária 
700 1 |a Hrivíková, Tatiana, 1959- 
700 1 |a Laskovičová, Tatiana 
700 1 |a Pašková, Hana 
700 1 |a Zelenayová, Alojzia, 1944-